Encomienda y mita en Nueva Granada en el siglo XVII

-д хадгалсан:
Номзүйн дэлгэрэнгүй
Үндсэн зохиолч: Ruiz Rivera, Julián Bautista (Зохиогч)
Формат: Ном
Хэл сонгох:испани
Хэвлэсэн: Sevilla Hispalensis 1975
Цуврал:Escuela de estudios hispano-americanos de Sevilla, 228
Нөхцлүүд:
Шошгууд: Шошго нэмэх
Шошго байхгүй, Энэхүү баримтыг шошголох эхний хүн болох!

MARC

LEADER 00000nam a2200000 a 4500
001 UCO3739
003 CL-VaPUC
008 000720e19750000SP |||||||||||||||||spa|d
020 |a 8400041763 
082 0 4 |a 986.1  |b RUI  |2 21 
100 0 |a Ruiz Rivera, Julián Bautista  |e author  |9 447627 
245 1 0 |a Encomienda y mita en Nueva Granada en el siglo XVII 
300 |a 454 p 
942 |c BK 
945 |d 20000720 00:00:00  |a crobeson 
260 |a Sevilla  |b Hispalensis  |c 1975 
650 7 |a HISTORIA DE COLOMBIA  |2 CL-VaPUC  |9 323523 
650 7 |a ENCOMIENDA  |2 CL-VaPUC  |9 446405 
650 7 |a INSTITUCIONES SOCIOECONOMICAS COLONIALES  |2 CL-VaPUC  |9 258561 
651 0 |a Colombia  |9 256424 
583 |a last modification  |c 20000720 00:00:00  |k Rodrigo Vera 
490 0 |a Escuela de estudios hispano-americanos de Sevilla, 228 
999 |c 289871  |d 289869 
952 |0 0  |1 0  |4 0  |6 986_100000000000000_RUI_1975  |7 0  |8 A  |9 338774  |a BIBHIS  |b BIBHIS  |d 2019-11-20  |i 1200224  |o 986.1 RUI 1975  |p 1200224  |r 2025-01-20  |w 2019-11-20  |y BK  |k HIS 
952 |0 0  |1 0  |4 0  |6 986_100000000000000_RUI_1975  |7 0  |8 A  |9 338775  |a BIBHIS  |b BIBHIS  |d 2019-11-20  |i 4551087  |o 986.1 RUI 1975  |p 4551087  |r 2025-01-20  |w 2019-11-20  |y BK  |k HIS